| 000 | 00429cam a2200181ua 4500 | ||
|---|---|---|---|
| 020 | _c10.8 | ||
| 041 |
_aeng _h |
||
| 082 |
_a330.1 _bNAR/PR |
||
| 100 | _aNarain, Brij . | ||
| 245 |
_aPrinciples of economics / _cBrij Narain. _hTextual Documents |
||
| 250 |
_a4 / _b. |
||
| 260 |
_aNew Delhi : _bS.Chand and Co , _c1956. |
||
| 300 | _a499 ; . | ||
| 365 | _a10.8 | ||
| 504 | _a | ||
| 942 | _cBK | ||
| 999 |
_c11434 _d11434 |
||